Longman Dictionary of English Language and Culture

Na minha lista:
Detalhes bibliográficos
Formato: Livro
Idioma:inglês
Publicado em: London : Longman Group UK, 1992
Tags: Adicionar Tag
Sem tags, seja o primeiro a adicionar uma tag!

MARC

LEADER 00000nam a22000003a 4500
001 stu31239
005 20150408181036.3
008 941020s1992----uk------------------eng-d
020 |a 0-582-08676-0 
040 |a STU  |b slo 
041 0 |a eng 
044 |a uk 
080 |a 008 
080 |a 801.3(038)=20 
245 |a Longman Dictionary of English Language and Culture 
260 |a London :  |b Longman Group UK,  |c 1992 
300 |a 1528 s 
996 |b J90891  |c J*90891  |l JJSK  |s A  |a 24  |w stu31239_0001 
996 |b J90892  |c J*90892  |l JJK17  |s P  |a 0  |w stu31239_0002